[Event "IECC O email"]
[Site "IECC email"]
[Date "2000.05.30"]
[Round "?"]
[White "Lewen, Geoffrey David"]
[Black "Konkol, Eric"]
[Result "1/2-1/2"]
[WhiteElo "1526"]
[BlackElo "1592"]
[PlyCount "85"]
[EventDate "2000.??.??"]
[EventType "tourn (corr)"]
[EventRounds "6"]
[SourceTitle "Corr 2008"]
[Source "ChessBase"]
[SourceDate "2008.06.24"]
[SourceVersion "1"]
[SourceVersionDate "2008.06.24"]
[SourceQuality "1"]

1. d4 Nf6 2. c4 e6 3. Nc3 Bb4 4. f3 0-0 5. e4 d6 6. Bg5 b6 7. a3 Bxc3+ 8. bxc3 Nbd7 9. Bd3 Bb7 10. Qc2 e5 11. Ne2 h6 12. Bh4 Re8 13. 0-0 c5 14. Bxf6 Nxf6 15. dxe5 dxe5 16. Ng3 Qd7 17. Rfd1 g6 18. Be2 Qe6 19. Nf1 Rad8 20. Ne3 Rd7 21. Rxd7 Nxd7 22. Nd5 Rc8 23. Rd1 Kg7 24. Qd2 Bc6 25. g4 f6 26. a4 a6 27. Rb1 Rb8 28. Nc7 Qe7 29. Nxa6 Rc8 30. Rd1 Bxa4 31. Ra1 Bc6 32. Bd1 Ra8 33. Ra2 Ra7 34. Ba4 Bxe4 35. fxe4 Rxa6 36. Bxd7 Rxa2 37. Qxa2 Qxd7 38. h3 b5 39. cxb5 Qxb5 40. Qd5 Qb1+ 41. Kf2 Qc2+ 42. Kg1 Qxc3 43. Qd7+ 1/2-1/2

[Event "IECC O email"]
[Site "IECC email"]
[Date "2000.01.29"]
[Round "?"]
[White "Konkol, Eric"]
[Black "Lewen, Geoffrey David"]
[Result "1/2-1/2"]
[WhiteElo "1596"]
[BlackElo "1504"]
[PlyCount "56"]
[EventDate "2000.??.??"]
[EventType "tourn (corr)"]
[EventRounds "6"]
[SourceTitle "Corr 2008"]
[Source "ChessBase"]
[SourceDate "2008.06.24"]
[SourceVersion "1"]
[SourceVersionDate "2008.06.24"]
[SourceQuality "1"]

1. e4 d6 2. d4 Nf6 3. Nc3 c6 4. Bg5 Nbd7 5. Bd3 Qb6 6. Nge2 Qxb2 7. Rb1 Qa3 8. 0-0 Qa5 9. Be3 e5 10. Qd2 Be7 11. dxe5 dxe5 12. Ng3 Nc5 13. Nf5 Bxf5 14. exf5 0-0-0 15. Nd5 Qxd2 16. Nxe7+ Kd7 17. Bxd2 Kxe7 18. Rfe1 Rd5 19. f4 Nfd7 20. fxe5 Rxe5 21. Rxe5+ Nxe5 22. Bb4 Ned7 23. Re1+ Kd8 24. Bc4 f6 25. Rd1 Kc7 26. Re1 Kd8 27. Rd1 Kc7 28. Re1 Kd8 1/2-1/2